Statistics for Frito-Lay Chip Brands

Click here to take the quiz!

General Stats

  • This quiz has been taken 25 times
    (18 since last reset)
  • The average score is 5 of 16

Answer Stats

Answer% Correct
Lays
100%
Cheetos
89%
Doritos
78%
Fritos
72%
Ruffles
61%
Tostitos
44%
Funyuns
39%
Rold Gold
28%
Munchies
17%
Cracker Jack
11%
Walkers
6%
Doritos Minis
0%
Elma Chips
0%
Lays Stax
0%
Sabritas
0%
TrueNorth
0%

Score Distribution

Percentile by Number Answered

Percent of People with Each Score

Your Score History

You have not taken this quiz since the last reset